Vô tuyến điện tử (Dùng cho sinh viên ngành Khoa học tự nhiên)

保存先:
書誌詳細
第一著者: Ngạc Văn An (Chủ biên)
フォーマット: 図書
言語:Vietnamese
出版事項: H. Giáo dục 2006
版:Tái bản lần 1
主題:
タグ: タグ追加
タグなし, このレコードへの初めてのタグを付けませんか!
Thư viện lưu trữ: Mạng thư viện Đại học Đà Nẵng
LEADER 01081nam a2200325 4500
001 000008146
003 4330
005 20111019151023.0
008 111014s2006 viesd
020 |c 25500đ 
041 0 |a vie 
082 |a 621.384  |b VôT 
100 0 |a Ngạc Văn An  |e Chủ biên 
245 0 |a Vô tuyến điện tử  |b (Dùng cho sinh viên ngành Khoa học tự nhiên)  |c Ngạc Văn An (chủ biên) 
250 |a Tái bản lần 1 
260 |a H.  |b Giáo dục  |c 2006 
300 |a 259 tr.  |c 24 cm 
653 |a Vô tuyến điện tử 
700 |a Ngạc Văn An  |e Chủ biên 
910 |a duyên 
OWN |a LSP 
AVA |a UDN50  |b LSP  |d 621.384 VôT  |e check_holdings  |t Error 5003 Not defined in file expand_doc_bib_avail.  |h N  |k 1 
999 |a From the UDN01 
AVA |a UDN50  |b LSP  |d 621.384 VôT  |e available  |t Error 5001 Not defined in file expand_doc_bib_avail.  |f 50  |g 0  |h N  |i 1  |k 1 
TYP |a Monograph 
TYP |a Printed language 
980 |a Mạng thư viện Đại học Đà Nẵng